[Event "BAN-chB (Women) 41st"]
[Site "Dhaka"]
[Date "2022.11.11"]
[Round "5"]
[White "Jahan, Dilara Nupur"]
[Black "Jannatul, Priti"]
[Result "0-1"]
[WhiteElo "1689"]
[BlackElo "1313"]
[PlyCount "74"]
[EventDate "2022.11.07"]
[EventType "swiss"]
[EventRounds "8"]
[EventCountry "BAN"]
[SourceTitle "EXT 2024"]
[Source "ChessBase"]
[SourceDate "2023.10.10"]
[SourceVersion "1"]
[SourceVersionDate "2023.10.10"]
[SourceQuality "1"]

1. Nf3 d5 2. e4 Bg4 3. exd5 Qxd5 4. Be2 Nf6 5. Nc3 Qd8 6. 0-0 e6 7. d3 Bd6 8. Ne4 Nxe4 9. dxe4 Nd7 10. c3 Qf6 11. h3 h5 12. Qd4 Bxf3 13. Qxf6 gxf6 14. Bxf3 Ne5 15. Be2 0-0-0 16. Be3 a6 17. Rfd1 h4 18. c4 Rdg8 19. Bd4 Ng6 20. Bxf6 Rh6 21. Bg5 Rh7 22. Be3 Rhg7 23. Bf1 Bf4 24. c5 Bxe3 25. fxe3 Ne5 26. Kf2 c6 27. Rac1 Rg5 28. b4 f5 29. Rd6 fxe4 30. Rcd1 Rf8+ 31. Ke2 Rgf5 32. Rxe6 Rf2+ 33. Ke1 Rxf1+ 34. Kd2 R8f2+ 35. Kc3 Rxd1 36. Rxe5 Rd3+ 37. Kc4 Rc2# 0-1

[Event "BAN-ch (Women)"]
[Site "Dhaka"]
[Date "2022.01.05"]
[Round "8"]
[White "Ayasa, Akter"]
[Black "Jahan, Dilara Nupur"]
[Result "0-1"]
[WhiteElo "1159"]
[BlackElo "1741"]
[PlyCount "90"]
[EventDate "2021.12.29"]
[EventType "swiss"]
[EventRounds "11"]
[EventCountry "BAN"]
[SourceTitle "EXT 2023"]
[Source "ChessBase"]
[SourceDate "2022.10.05"]
[SourceVersion "1"]
[SourceVersionDate "2022.10.05"]
[SourceQuality "1"]

1. e4 e6 2. Nf3 d5 3. exd5 exd5 4. d4 h6 5. Nc3 Bb4 6. Bd2 Nf6 7. Bd3 Bg4 8. 0-0 Nc6 9. Re1+ Be7 10. h3 Bxf3 11. Qxf3 Nxd4 12. Qg3 Kf8 13. Bf4 c6 14. Be5 Ne6 15. Re2 h5 16. Rae1 Bc5 17. Rd2 Nd7 18. Bd6+ Bxd6 19. Qxd6+ Qe7 20. Qxe7+ Kxe7 21. Bf5 Rh6 22. g4 Rf6 23. f3 g6 24. Bxe6 fxe6 25. Rde2 hxg4 26. fxg4 g5 27. Nd1 Rh8 28. Kg2 Kd6 29. Nf2 e5 30. Rd1 Kc7 31. b3 Rfh6 32. a4 e4 33. c4 Nf6 34. cxd5 cxd5 35. b4 a6 36. a5 R8h7 37. Rc1+ Kd6 38. Rd1 Rc7 39. Re3 Rc8 40. Rf1 d4 41. Rd1 Kd5 42. Rb3 Rc2 43. Kg3 Kc4 44. Rbb1 Rc3+ 45. Kg2 e3 0-1

[Event "BAN-ch (Women) 34th"]
[Site "Dhaka"]
[Date "2014.02.14"]
[Round "7"]
[White "Jahan, Dilara Nupur"]
[Black "Sharmin, Samiha Shimmi"]
[Result "0-1"]
[WhiteElo "1785"]
[BlackElo "1822"]
[PlyCount "144"]
[EventDate "2014.02.07"]
[EventType "tourn"]
[EventRounds "11"]
[EventCountry "BAN"]
[SourceTitle "CBM 158 Extra"]
[Source "ChessBase"]
[SourceDate "2014.02.28"]
[SourceVersion "1"]
[SourceVersionDate "2014.02.28"]
[SourceQuality "1"]

1. d4 d5 2. c4 c6 3. cxd5 cxd5 4. Nc3 Nf6 5. Bf4 Nc6 6. e3 Bf5 7. Qb3 Na5 8. Qa4+ Bd7 9. Bb5 Nc6 10. Qb3 e6 11. Nf3 Bb4 12. 0-0 Ba5 13. Bd6 Bc7 14. Ba3 a6 15. Bd3 b5 16. Bc5 Bb6 17. Rfd1 Bxc5 18. dxc5 0-0 19. Rac1 Qe7 20. Ne2 e5 21. Bb1 Bg4 22. Rd2 Bxf3 23. gxf3 Rfd8 24. Ng3 g6 25. a3 Rd7 26. Qc2 a5 27. Rcd1 Rb8 28. Ba2 Rbd8 29. e4 d4 30. a4 Nb4 31. Qb3 Nxa2 32. Qxa2 Qxc5 33. axb5 Qxb5 34. Ra1 Ra7 35. Qa4 Qxa4 36. Rxa4 Rb8 37. Kf1 Rb4 38. Rxb4 axb4 39. Ke2 Nd7 40. Kd3 Nb6 41. b3 Ra3 42. Rb2 Ra1 43. f4 f6 44. fxe5 fxe5 45. h4 Rc1 46. h5 Rc3+ 47. Ke2 Nd7 48. hxg6 hxg6 49. Nf1 Nc5 50. Nd2 Kf7 51. Ra2 Nxb3 52. Nxb3 Rxb3 53. Ra7+ Kf6 54. Ra6+ Kg5 55. f3 Re3+ 56. Kf2 Rc3 57. Ke2 b3 58. Rb6 Re3+ 59. Kf2 Rc3 60. Ke2 Rc2+ 61. Kd1 Rc3 62. Ke2 Kf4 63. Rf6+ Kg5 64. Rb6 Rc2+ 65. Kd1 Rf2 66. Rxb3 Kf4 67. Rb6 Rxf3 68. Rxg6 Kxe4 69. Ke2 d3+ 70. Ke1 Ke3 71. Rg2 d2+ 72. Rxd2 Rf1+ 0-1

[Event "BAN-ch (Women) 34th"]
[Site "Dhaka"]
[Date "2014.02.11"]
[Round "5"]
[White "Jahan, Dilara Nupur"]
[Black "Kiswara, Shajrin Evana"]
[Result "1-0"]
[WhiteElo "1785"]
[BlackElo "1772"]
[PlyCount "29"]
[EventDate "2014.02.07"]
[EventType "tourn"]
[EventRounds "11"]
[EventCountry "BAN"]
[SourceTitle "CBM 158 Extra"]
[Source "ChessBase"]
[SourceDate "2014.02.28"]
[SourceVersion "1"]
[SourceVersionDate "2014.02.28"]
[SourceQuality "1"]

1. d4 d5 2. c4 dxc4 3. Nc3 Nf6 4. Bg5 e6 5. e4 Be7 6. Bxc4 h6 7. Bh4 c6 8. Nf3 0-0 9. 0-0 b5 10. Bb3 a5 11. Bc2 Nxe4 12. Bxe7 Nxc3 13. Qd3 Ne4 14. Bxd8 Rxd8 15. Qxe4 1-0

[Event "BAN-ch (Women) 34th"]
[Site "Dhaka"]
[Date "2014.02.09"]
[Round "3"]
[White "Jahan, Dilara Nupur"]
[Black "Parveen, Tanima"]
[Result "1/2-1/2"]
[WhiteElo "1785"]
[BlackElo "2043"]
[PlyCount "94"]
[EventDate "2014.02.07"]
[EventType "tourn"]
[EventRounds "11"]
[EventCountry "BAN"]
[SourceTitle "CBM 158 Extra"]
[Source "ChessBase"]
[SourceDate "2014.02.28"]
[SourceVersion "1"]
[SourceVersionDate "2014.02.28"]
[SourceQuality "1"]

1. d4 d5 2. c4 e6 3. Nc3 Nf6 4. Bg5 c6 5. e3 Nbd7 6. Nf3 Qa5 7. Qc2 Ne4 8. cxd5 exd5 9. Bd3 Nxg5 10. Nxg5 h6 11. Nf3 Bd6 12. 0-0 0-0 13. e4 dxe4 14. Nxe4 Bc7 15. Rfe1 Nb6 16. Qc5 Nd5 17. Nd6 Bxd6 18. Qxd6 Bg4 19. Ne5 Rfd8 20. Qc5 Qxc5 21. dxc5 Be6 22. Bc4 Nf4 23. Bxe6 Nxe6 24. b4 Rd4 25. a3 Rad8 26. Nf3 Rd3 27. Re3 Kf8 28. Kf1 Rxe3 29. fxe3 Ke7 30. Ke2 Rd5 31. Rd1 Rxd1 32. Kxd1 Kf6 33. Kd2 Ng5 34. Kd3 Nxf3 35. gxf3 Kf5 36. Kd4 g5 37. a4 a6 38. Kc4 Ke5 39. Kd3 f5 40. a5 h5 41. h3 g4 42. Ke2 gxf3+ 43. Kxf3 h4 44. Kf2 Ke4 45. Ke2 Kd5 46. Kf3 Ke5 47. Kf2 Ke4 1/2-1/2

[Event "BAN-ch (Women) 31st"]
[Site "Narayanganj"]
[Date "2010.05.01"]
[Round "7"]
[White "Hamid, Rani"]
[Black "Jahan, Dilara Nupur"]
[Result "1/2-1/2"]
[WhiteElo "2033"]
[BlackElo "1972"]
[PlyCount "130"]
[EventDate "2010.04.24"]
[EventType "tourn"]
[EventRounds "11"]
[EventCountry "BAN"]
[SourceTitle "CBM 136 Extra"]
[Source "ChessBase"]
[SourceDate "2010.07.02"]
[SourceVersion "2"]
[SourceVersionDate "2010.07.15"]
[SourceQuality "1"]

1. e4 c5 2. Nf3 Nc6 3. d4 cxd4 4. Nxd4 Nf6 5. Nc3 d6 6. Be2 e5 7. Nf3 Be7 8. Bg5 Be6 9. 0-0 0-0 10. Qd2 a6 11. Rad1 Ne8 12. Bxe7 Qxe7 13. Nd5 Bxd5 14. exd5 Nd8 15. c4 f5 16. b4 Nf6 17. Qc2 g6 18. c5 Nf7 19. c6 Rac8 20. a4 e4 21. Ne1 Qe5 22. f4 exf3 23. Nxf3 Qe3+ 24. Kh1 Ng4 25. Bc4 Nfe5 26. Nxe5 Qxe5 27. g3 Ne3 28. Qd3 Nxd1 29. Rxd1 Qe4+ 30. Qxe4 fxe4 31. Re1 Rfe8 32. Re3 Kf8 33. b5 axb5 34. axb5 bxc6 35. bxc6 Re5 36. Kg2 Ke7 37. Rb3 Kf6 38. Kf2 e3+ 39. Ke2 Rc7 40. Rb8 Ree7 41. Rd8 Ke5 42. Kxe3 Ra7 43. Bb3 Ra3 44. Rb8 Rxb3+ 45. Rxb3 Kxd5+ 46. Kd3 Kxc6 47. Kd4 Re5 48. Ra3 Rh5 49. h4 Rd5+ 50. Ke4 Re5+ 51. Kf4 h6 52. Ra6+ Kd5 53. Ra5+ Ke6 54. Ra8 Rb5 55. Re8+ Kf7 56. Rd8 Rb4+ 57. Kf3 Rd4 58. Ke3 Rd1 59. Ke2 Rd5 60. Ke3 g5 61. h5 Re5+ 62. Kd4 g4 63. Rxd6 Rxh5 64. Ke4 Rh1 65. Kf4 h5 1/2-1/2

[Event "BAN-ch (Women) 31st"]
[Site "Narayanganj"]
[Date "2010.04.29"]
[Round "6"]
[White "Jahan, Dilara Nupur"]
[Black "Shamima, Akter Liza"]
[Result "0-1"]
[WhiteElo "1972"]
[BlackElo "2092"]
[PlyCount "46"]
[EventDate "2010.04.24"]
[EventType "tourn"]
[EventRounds "11"]
[EventCountry "BAN"]
[SourceTitle "CBM 136 Extra"]
[Source "ChessBase"]
[SourceDate "2010.07.02"]
[SourceVersion "2"]
[SourceVersionDate "2010.07.15"]
[SourceQuality "1"]

1. e4 c5 2. Nf3 Nc6 3. d4 cxd4 4. Nxd4 e6 5. Nc3 Qc7 6. Nxc6 bxc6 7. Be3 a6 8. a3 Nf6 9. Bd3 Bb7 10. Qe2 Be7 11. 0-0 d5 12. exd5 cxd5 13. Bd4 Bd6 14. g3 h5 15. Bxf6 gxf6 16. Rae1 h4 17. Bf5 hxg3 18. Bxe6 Rxh2 19. Bxd5+ Kf8 20. b4 g2 21. Qe4 Qxc3 22. Bxb7 Rh1+ 23. Kxg2 Qh3# 0-1